000 01462nam a2200409 i 4500
001 196796
003 ES-MaACL
005 20250804062715.0
008 241129s2014 sp | |||| 000 f spa
015 _aMON14
017 _aB 227-2014
_bOficina Depósito Legal Barcelona
020 _a9788483838471
035 _a(OCoLC)879375969
035 _a(SpMaBN)a5492351
040 _aSpMaBN
_bspa
_cSpMaBN
_erdc
080 _a821.111(73)-31"19"
100 1 _aUpdike, John,
_d1932-2009
_9239341
_eaut
240 1 0 _aVillages
_lEspañol
245 1 0 _aMujeres /
_cJohn Updike ; traducción de Catalina Martínez Muñoz
250 _aPrimera edición: marzo 2014
260 _aBarcelona :
_bTusquets,
_c2014.
300 _a325 páginas ;
_c23 cm
336 _aTexto (visual)
_2isbdcontent
337 _asin mediación
_2isbdmedia
338 _2rdacarrier
_avolumen
490 1 _aColección Andanzas ;
_v829
594 _aTítulo original: Villages
655 0 _aNovelas
_9234319
700 1 _aMartínez Muñoz, Catalina
_978271
_etrl
852 _aES-MaACL
_cDEPOJ
_jN-10240
_hDonación: José Lázaro García
_xEncuadernación rústica con solapas
_9206366
903 _9234219
_aLázaro García, José
_ednr
942 _cMONOGRAFIA
_n0
999 _c196796
_d196796